St. Louis Landmarks by Picture - Statistics

General Stats
  • This quiz has been taken 15 times
  • The average score is 13 of 20
Answer Stats
Picture Answer % Correct
Busch Stadium
100%
The Gateway Arch
100%
The City Museum
79%
The Hill
79%
The Art Museum
71%
The Fabulous Fox Theater
71%
The Science Center
71%
The St. Louis Zoo
71%
The Dome at Americas Center
64%
The Enterprise Center
64%
Washington University
64%
The Cathedral Basilica
57%
The Missouri Botanical Gardens
57%
Union Station
57%
Delmar Loop
50%
Eads Bridge
50%
Anheuser-Busch Brewery
43%
The Jewel Box
43%
The Muny
43%
The Worlds Fair Pavilion
36%
No matching quizzes found
Score Distribution
Percent of People with Each Score
Percentile by Number Answered
Your Score History
You have not taken this quiz